Desarrollo y perspectivas del financiamiento hipotecario en Colombia : (Registro nro. 8189)

Detalles MARC
000 -LEADER
fixed length control field 01285nam a2200229Ia 4500
003 - CONTROL NUMBER IDENTIFIER
control field OSt
005 - DATE AND TIME OF LATEST TRANSACTION
control field 20210727144327.0
008 - FIXED-LENGTH DATA ELEMENTS--GENERAL INFORMATION
fixed length control field 210310s2006 ck ad fr 000 0 spa d
040 ## - CATALOGING SOURCE
Original cataloging agency CO-JMCR
Transcribing agency CO-JMCR
041 0# - LANGUAGE CODE
Language code of text/sound track or separate title spa
082 04 - DEWEY DECIMAL CLASSIFICATION NUMBER
Classification number 332.722 /
Item number C965d
Edition number 23
100 1# - MAIN ENTRY--PERSONAL NAME
Personal name Cuellar, María Mercedes,
9 (RLIN) 16576
Relator term autora
245 10 - TITLE STATEMENT
Title Desarrollo y perspectivas del financiamiento hipotecario en Colombia :
Remainder of title documento para discusión /
Statement of responsibility, etc. María Mercedes Cuellar
260 ## - PUBLICATION, DISTRIBUTION, ETC.
Place of publication, distribution, etc. [Bogotá] :
Name of publisher, distributor, etc. Instituto Colombiano de Ahorro y Vivienda,
Date of publication, distribution, etc. 2006
300 ## - PHYSICAL DESCRIPTION
Extent xvi, 314 páginas :
Other physical details ilustraciones y gráficas a color ;
Dimensions 29 cm.
500 ## - GENERAL NOTE
General note Incluye notas a pie de página.
505 0# - FORMATTED CONTENTS NOTE
Formatted contents note Marco legal de la Política de Vivienda -- Desempeño de la construcción y de financiamiento (crédito y subsidio) -- Determinantes macroeconómicos y su impacto sobre el comportamiento sectorial -- Demanda por crédito hipotecario -- Oferta de crédito hipotecario --Incentivos al mercado hipotecario -- Desenvolvimiento del sector hipotecario en algunos países del continente
650 14 - SUBJECT ADDED ENTRY--TOPICAL TERM
Topical term or geographic name entry element Vivienda
9 (RLIN) 16578
General subdivision Financiación
Geographic subdivision (Bogotá) Colombia
650 24 - SUBJECT ADDED ENTRY--TOPICAL TERM
Topical term or geographic name entry element Sector hipotecario
Geographic subdivision (Bogotá) Colombia
9 (RLIN) 38793
650 24 - SUBJECT ADDED ENTRY--TOPICAL TERM
Topical term or geographic name entry element Crédito hipotecario
General subdivision Oferta y Demanda
Geographic subdivision (Bogotá) Colombia
9 (RLIN) 38794
942 ## - ADDED ENTRY ELEMENTS (KOHA)
Source of classification or shelving scheme Dewey Decimal Classification
Koha item type Books
Existencias
Withdrawn status Lost status Source of classification or shelving scheme Damaged status Not for loan Collection code Home library Current library Date acquired Source of acquisition Full call number Barcode Date last seen Copy number Koha item type
    Dewey Decimal Classification     Non-fiction Biblioteca Pública José María del Castillo y Rada Biblioteca Pública José María del Castillo y Rada 04/15/2018 Donación 332.722 / C965d 430003341 05/16/2024 Ej.1 Books